[Event "Rasht Gilan Cup 1st"]
[Site "Rasht"]
[Date "2022.07.10"]
[Round "2"]
[White "Sadeghi Givi, Reza"]
[Black "Jahedi, Mani"]
[Result "1/2-1/2"]
[WhiteElo "1894"]
[BlackElo "2250"]
[PlyCount "87"]
[EventDate "2022.07.09"]
[EventType "swiss"]
[EventRounds "9"]
[EventCountry "IRI"]
[SourceTitle "CBM 209 Extra"]
[Source "ChessBase"]
[SourceDate "2022.09.30"]
[SourceVersion "1"]
[SourceVersionDate "2022.09.30"]
[SourceQuality "1"]

1. e4 c5 2. Nf3 g6 3. c3 Bg7 4. d4 cxd4 5. cxd4 d5 6. e5 a6 7. h3 Nc6 8. Nc3 f6 9. Bf4 Nh6 10. exf6 exf6 11. Qb3 g5 12. Bd2 Ne7 13. Bd3 0-0 14. g4 Qd6 15. 0-0-0 b5 16. Kb1 Bd7 17. Rhe1 Kh8 18. Re2 Rfe8 19. Rde1 Rab8 20. Ka1 b4 21. Na4 Nc6 22. Rxe8+ Rxe8 23. Rxe8+ Bxe8 24. Qc2 f5 25. gxf5 Nxd4 26. Nxd4 Bxd4 27. Bxg5 Nf7 28. Be3 Bf6 29. Nc5 a5 30. Ne6 Bd7 31. Qc5 Qxc5 32. Bxc5 Ne5 33. Be2 Nc4 34. Bd4 Bxd4 35. Nxd4 Nd6 36. Bd3 Kg7 37. Nb3 Nxf5 38. Nxa5 Nh4 39. Bf1 Kf6 40. a3 bxa3 41. b4 d4 42. b5 Ke5 43. b6 Kd6 44. Nb3 1/2-1/2